1248 1615 1291 1761 1172 1769 1257 1220 1346 1676 1918 1733 1574 1364 1420 1245 1682 1891 1115 1466 1641 1755 1470 1410 1826 1989 1136 1232 1986 1594 1647 1073 1700 1301 1616 1103 1002 1154 1833 1288 1650 1401 1999 1496 1230 1389 1930 1205 1427 1445 1274 1299 1407 1748 1017 1898 1313 1453 1933 1296 1039 1040 1148 1598 1754 1619 1592 1303 1372 1238 1088 1056 1434 1714 1459 1531 1696 1468 1819 1420 1108 1599 1958 1698 1955 1719 1071 1444 1284 1873 1167 1243 1975 1708 1776 1365 1167 1584 1867 BCNSPRNW ULIB Ver.6.0+V

เปลี่ยนเป็นภาษาไทย

Change to English
 แสดงรายละเอียดบรรณานุกรม
  กลับหน้าหลัก

Brief Record : Get Marc (ISO 2709) : E-mail record : QR code < ปิดหน้าต่าง
LEADER : 00000nam 2200000uu 4500
001    13399109136
003     ULIB
008    110322s2546||||th 000 0 tha d
020    9743451609
060 04 WA292^bว554ก 2546
100 0  วิจิตรา กุสุมภ์
245 10 การกู้ชีวิต =^bCPR 2003 /^cวิจิตรา กุสุมภ์
246 31 CPR 2003
250    พิมพ์ครั้งที่ 3
260    กรุงเทพฯ :^bบพิธการพิมพ์,^c2546
300    114 หน้า :^bภาพประกอบ ;^c20 ซม.
650  7 การกู้ชีวิต
650  7 ปฐมพยาบาล
945    ^p50^l0^i017586
945    ^p50^l0^i017587
945    ^p50^l0^i017585
995    ทศพร
999 ^a ใช้งานได้ทุกระบบ
รายการนี้ยังไม่มีแท็ก
คุณยังไม่ได้ล็อกอิน คุณสามารถมีกิจกรรมร่วมกับเว็บไซต์ได้ แต่ต้องล็อกอินก่อน ::
  ล็อกอิน

รายการสื่อสารสนเทศ

ลำดับที่ ประเภท เลขเรียก/บาร์โค้ด สถานที่ สถานะ
- ไม่พบข้อมูล -

รายการใกล้เคียง
    ผู้แต่ง [วิจิตรา กุสุมภ์]

    หัวเรื่อง [การกู้ชีวิต]
    หัวเรื่อง [ปฐมพยาบาล]

BibComment


ยังไม่เคยถูกคอมเมนท์

คอมเมนท์ทรัพยากรรายการนี้
  คอมเมนท์: การกู้ชีวิต CPR ..


 Copyright 2026. Bcnsprnw @Library